Bude nám biomasa odjedať z taniera?

Využitie biomasy v oblasti obnoviteľných zdrojov energie (OZE) a potravinová bezpečnosť. Náklady na biomasu. Význam biomasy. Poľnohospodárska biomasa a jej využitie. Protiargumenty k využívaniu biomasy ako obnoviteľných zdrojov energie.

Saved in:
Bibliographic Details
Format: Book Chapter
Language:Slovak
Subjects:
Tags: Add Tag
No Tags, Be the first to tag this record!

MARC

LEADER 00000naa$a2200000$$$4500
001 0116113
005 20231011121841.4
041 0 |a slo 
044 |a SK 
245 1 0 |a Bude nám biomasa odjedať z taniera? 
520 |a Využitie biomasy v oblasti obnoviteľných zdrojov energie (OZE) a potravinová bezpečnosť. Náklady na biomasu. Význam biomasy. Poľnohospodárska biomasa a jej využitie. Protiargumenty k využívaniu biomasy ako obnoviteľných zdrojov energie. 
610 2 0 |a biomasa 
610 2 0 |a zdroje energie obnoviteľné 
610 2 0 |a bezpečnosť potravinová 
610 2 0 |a poľnohospodárstvo